000 01379nam a22003737a 4500
003 CHAP
005 20220817044541.0
008 120924s2010 mx a r 00010 spa d
010 _a103960
011 _a104932
020 _a9789786070227400
035 _a115622
040 _cCHAP
082 0 4 _a972.02
_bW72
100 1 _aWilliams, Barbara J
_9122024
245 1 3 _aEl Códice Vergara :
_bedición facsimilar con comentario : pintura indígena de casas, campos y organización social de Tepetlaoztoc a mediados del siglo XVI
_c/por Barbara J. Williams y Frederic Hicks
260 _aMéxico, D.F. :
_bUNAM :
_bApoyo al Desarrollo de Archivos y Bibliotecas de México,
_c2010
300 _a357 p. :
_bilus.
590 _aBATCH-UPD
_b10
_c20130110
_lUCH01
_h0258
590 _aBATCH-UPD
_b10
_c20130110
_lUCH01
_h0319
590 _aBATCH-UPD
_b10
_c20130110
_lUCH01
_h0322
590 _aBATCH-UPD
_b10
_c20130409
_lUCH01
_h2158
590 _aBATCH-UPD
_b10
_c20130409
_lUCH01
_h2227
590 _aBATCH-UPD
_b10
_c20130913
_lUCH01
_h2123
590 _aCONVERSION
_b10
_c20130109
_lUCH01
_h1357
650 4 _aCódices.
_927680
650 4 _aManuscritos.
_970726
650 4 _aMéxico (Edo.)
_xHistoria.
_976831
650 4 _aNahuas.
700 1 _aHicks, Frederic
_955162
901 _aBK
942 _cLIBRO
949 _a972.02 W72
_bBC
_cLIBRO
_d33724002347157
_eLIBRO
_h117390
_i115622
_st
999 _c103960
_d103960